Top 5 języków według rodziny, z której pochodzą - Statystyki

Ogólne statystyki
  • Ten quiz został rozwiązany 6 129 razy
  • Średni wynik to 21 z 58
Statystyki odpowiedzi
Rodzina języków Język % Poprawnych
Słowiańskie Polski
96%
Germańskie Niemiecki
94%
Słowiańskie Rosyjski
93%
Germańskie Angielski
92%
Romańskie Francuski
91%
Romańskie Hiszpański
91%
Romańskie Włoski
89%
Chińsko-tybetańskie Mandaryński
88%
Słowiańskie Ukraiński
88%
Słowiańskie Czeski
86%
Romańskie Portugalski
85%
Turkijskie Turecki
83%
Romańskie Rumuński
77%
Słowiańskie Serbsko-chorwacki
73%
Afroazjatyckie Arabski
69%
Germańskie Szwedzki
66%
Celtyckie Irlandzki
63%
Uralskie Węgierski
61%
Uralskie Fiński
57%
Indoirańskie Hindi
53%
Germańskie Niderlandzki
51%
Celtyckie Szkocki gaelicki
50%
Celtyckie Walijski
44%
Chińsko-tybetańskie Min
42%
Uralskie Estoński
41%
Turkijskie Kazachski
30%
Turkijskie Azerbejdżański
24%
Nigero-kongijskie Suahili
24%
Turkijskie Uzbecki
22%
Chińsko-tybetańskie Kantoński
20%
Indoirańskie Bengalski
16%
Germańskie Afrikaans
15%
Celtyckie Bretoński
13%
Austronezyjskie Malajski
13%
Indoirańskie Urdu
12%
Chińsko-tybetańskie Wu
10%
Celtyckie Kornijski
9%
Drawidyjskie Tamilski
8%
Indoirańskie Pundżabski
7%
Afroazjatyckie Somalijski
6%
Afroazjatyckie Amharski
5%
Austronezyjskie Jawajski
5%
Austronezyjskie Tagalski
5%
Austronezyjskie Cebuano
4%
Afroazjatyckie Hausa
4%
Nigero-kongijskie Igbo
4%
Nigero-kongijskie Joruba
4%
Drawidyjskie Kannada
4%
Drawidyjskie Telugu
4%
Turkijskie Ujgurski
4%
Chińsko-tybetańskie Hakka
3%
Drawidyjskie Malajalam
3%
Indoirańskie Marathi
3%
Afroazjatyckie Oromo
3%
Nigero-kongijskie Fula
2%
Drawidyjskie Gondi
2%
Nigero-kongijskie Ruanda-rundi
2%
Austronezyjskie Sundajski
2%
Nie znaleziono quizów pasujących do podanych kryteriów
Rozkład punktacji
Procent ludzi z każdym wynikiem
Percentyl według liczby udzielonych odpowiedzi
Twoja historia wyników
Nie rozwiązałeś tego quizu